000 00931nac a22002771i 4500
003 EG-ScBUE
005 20240625083451.0
008 240625s1987 ua a f b 001 0 eng d
020 _a9774241819
040 _aEG-ScBUE
_beng
_erda
_cEG-ScBUE
_dEG-ScBUE
043 _af-ua---
082 0 4 _a962.05
_bANS
_222
100 1 _aAnsari, Hamied,
_eauthor.
245 1 0 _aEgypt :
_bthe stalled society /
_cHamied Ansari.
264 1 _aCairo :
_bThe American University in Cairo Press,
_c1987.
300 _axiv, 308 pages :
_billustrations ;
_c24 cm
336 _2rdacontent
_atext
_btxt
337 _aunmediated
_2rdamedia
_bn
338 _avolume
_bnc
_2rdacarrier
504 _aIncludes bibliographical references and index.
650 7 _aSocial classes
_zEgypt.
_2BUEsh
651 7 _aEgypt
_xPolitics and government
_y1952-
_2BUEsh
651 7 _aEgypt
_xRural conditions.
_2BUEsh
655 _vReading book
942 _cBB
_2ddc
999 _c5560
_d5560